000 00501nam a2200181Ia 4500
999 _c14039
_d14039
003 OSt
005 20201028115922.0
008 190216s9999||||xx |||||||||||||| ||und||
020 _a9781857232653
040 _coclc
082 _a823.914
_bHOL/F
100 _aHolt, Tom
_96144
245 0 _aFaust Among Equals /
_cTom Holt
260 _bOrbit,
_c1994.
_aLondon:
300 _a292p
650 _aEnglish Novel-English Novel
942 _cBK
_2ddc
_h823.914
_iHOL/F
_k823.914
_mHOL/F